• 首页
  • 本馆介绍
  • 公告通知
  • 最新文献
  • 馆藏检索
  • 电子资源
  • 读者导购
  • 参考咨询
  • 我的图书馆
  • 登录
  • 详细信息显示
  • 放入我的书架
  • 预约/预借图书
  • 作者相关作品
  • 分类相关作品
  • 丛书相关作品
  • 出版社相关作品

书目信息

  • 表格格式
  • 工作单格式
  • 卡片格式
题名:
商事仲裁实务精要
    
 
作者: 林一飞 著
分册:  
出版信息: 北京   北京大学出版社  2016
页数: 355页
开本: 21cm
丛书名:
单 册:
中图分类: D925.704
科图分类:
主题词: 商事仲裁--shang shi zhong cai--研究--中国
电子资源:
ISBN: 978-7-301-24834-8
000 00890nam0 22002411 450
001 1738593135
005 20170627164611.0
010    @a978-7-301-24834-8@dCNY36.00
100    @a20160607d2016 em y0chiy50 ea
101 0  @achi
102    @aCN@b110000
105    @ay z 000yy
106    @ar
200 1  @a商事仲裁实务精要@9shang shi zhong cai shi wu jing yao@dEssentials of commercial arbitration practice@f林一飞著@zeng
210    @a北京@c北京大学出版社@d2016
215    @a355页@d21cm
330    @a本书的内容涵盖了仲裁协议、可仲裁性、仲裁当事人、仲裁员、仲裁程序、仲裁裁决以及境外仲裁等各方面仲裁实务中可能遇到的主要问题。
510 1  @aEssentials of commercial arbitration practice@zeng
606 0  @a商事仲裁@9shang shi zhong cai@x研究@y中国
690    @aD925.704@v5
701  0 @a林一飞@9lin yi fei@4著
801  0 @aCN@bTANGWEI@c20170621
905    @b1015531-6@dD925.704@e766@f6
    
    商事仲裁实务精要=Essentials of commercial arbitration practice/林一飞著.-北京:北京大学出版社,2016
    355页;21cm
    
    
    ISBN 978-7-301-24834-8:CNY36.00
    本书的内容涵盖了仲裁协议、可仲裁性、仲裁当事人、仲裁员、仲裁程序、仲裁裁决以及境外仲裁等各方面仲裁实务中可能遇到的主要问题。
●
相关链接 在E读中查询图书 在五车中查询图书 在当当中查询图书 在豆瓣中查询图书


正题名:商事仲裁实务精要     索取号:D925.704/766         预约/预借

序号 登录号 条形码 馆藏地/架位号 状态 备注
1 1015531   210155311   第一样本阅览室/ [索取号:D925.704/766] 在馆    
2 1015532   210155320   教育系资料室/ [索取号:D925.704/766] 在馆    
3 1015533   210155339   教育系资料室/ [索取号:D925.704/766] 在馆    
4 1015534   210155348   教育系资料室/ [索取号:D925.704/766] 在馆    
5 1015535   210155357   第一借阅区/ [索取号:D925.704/766] 在馆    
6 1015536   210155366   第一借阅区/ [索取号:D925.704/766] 在馆    
唐山师范学院图书馆 欢迎您!
大连网信软件有限公司© 版权所有